Statistics for General Knowledge #69,420

Click here to take the quiz!

General Stats

  • This quiz has been taken 27 times
  • The average score is 5 of 15

Answer Stats

HintAnswer% Correct
what is the second longest river in Europe and passes through hungary's capitaldanube
75%
who is known to be the father of physics and calculusisaac newton
67%
what is this year in roman numerals?MMXXII
67%
which tennis player has won the Wimbledon the most timesroger federer
58%
what is the least dense country in the worldmongolia
54%
who crossed the rubicon?caesar
46%
what is the largest muscle in the human bodygluteus maximus
42%
what is the royal capital of the netherlandsthe hague
42%
what outerspace object is predicted to pass close to earth on July 28, 2061?halley's comet
38%
what is the smallest bone in the bodystapes
29%
what is kapreaker's constant?6174
8%
what country produces the most marijuana in the worldmorocco
4%
element believed to be more useful and efficient than uranium for nuclear powerthorium
4%
who directed shawshank redemption frank darabot
0%
what is the most common import for the USAmachinery
0%

Score Distribution

Percentile by Number Answered

Percent of People with Each Score

Your Score History

You have not taken this quiz